| 000 | 00493nam a2200181Ia 4500 | ||
|---|---|---|---|
| 008 | 230917s9999||||xx |||||||||||||| ||und|| | ||
| 020 | _cRS495 | ||
| 040 |
_e252554 _aMAIN |
||
| 041 | _aEnglish | ||
| 082 | _a005.1 J219I(3) | ||
| 100 | _aJalote, Pankaj | ||
| 245 | 0 | _aIntegrated approach to software engineering | |
| 250 | _a3rd ed. | ||
| 260 |
_aNew Delhi _bNarose Publishing _c2019 |
||
| 300 | _axiii, 495 p. | ||
| 500 | _a3373 24/12/2018 PBA19/924 04/01/2019 Main Budget | ||
| 942 | _cBK | ||
| 999 |
_c29590 _d29590 |
||